[Event "Match of the Millennials U17"]
[Site "Saint Louis"]
[Date "2017.07.27"]
[Round "4.4"]
[White "Sarana, Aleksey"]
[Black "Xiong, Jeffery"]
[Result "1/2-1/2"]
[BlackElo "2642"]
[WhiteElo "2510"]
[LiveChessVersion "1.4.8"]

1. d4 {[%clk 1:30:57]} Nf6 {[%clk 1:30:53]} 2. c4 {[%clk 1:31:22]} g6
{[%clk 1:31:17]} 3. Nc3 {[%clk 1:31:45]} d5 {[%clk 1:31:43]} 4. cxd5
{[%clk 1:32:08]} Nxd5 {[%clk 1:32:07]} 5. e4 {[%clk 1:32:34]} Nxc3
{[%clk 1:32:32]} 6. bxc3 {[%clk 1:33:00]} Bg7 {[%clk 1:32:56]} 7. Qa4+
{[%clk 1:33:24]} Qd7 {[%clk 1:32:57]} 8. Qa3 {[%clk 1:33:42]} O-O
{[%clk 1:33:19]} 9. Nf3 {[%clk 1:34:06]} b6 {[%clk 1:33:44]} 10. Bd3
{[%clk 1:34:16]} c5 {[%clk 1:34:06]} 11. O-O {[%clk 1:34:22]} Nc6
{[%clk 1:34:17]} 12. Bb5 {[%clk 1:15:30]} a6 {[%clk 1:31:34]} 13. Bg5
{[%clk 1:06:37]} Bb7 {[%clk 1:21:50]} 14. Bxc6 {[%clk 1:06:01]} Bxc6
{[%clk 1:22:17]} 15. d5 {[%clk 1:05:26]} Bb5 {[%clk 1:21:47]} 16. Rfe1
{[%clk 1:04:53]} e6 {[%clk 1:19:13]} 17. Rad1 {[%clk 0:57:27]} exd5
{[%clk 1:16:12]} 18. Rxd5 {[%clk 0:57:23]} Qb7 {[%clk 1:15:31]} 19. Rd6
{[%clk 0:42:39]} Rfe8 {[%clk 1:10:46]} 20. e5 {[%clk 0:38:18]} Bc6
{[%clk 1:03:34]} 21. c4 {[%clk 0:37:49]} Bxf3 {[%clk 0:42:12]} 22. Qxf3
{[%clk 0:38:12]} Qxf3 {[%clk 0:42:34]} 23. gxf3 {[%clk 0:38:39]} Bxe5
{[%clk 0:41:22]} 24. Rxb6 {[%clk 0:38:42]} Bxh2+ {[%clk 0:41:11]} 25. Kf1
{[%clk 0:39:10]} Rxe1+ {[%clk 0:40:46]} 26. Kxe1 {[%clk 0:39:24]} Re8+
{[%clk 0:40:46]} 27. Be3 {[%clk 0:35:51]} Bf4 {[%clk 0:35:21]} 28. Ke2
{[%clk 0:33:25]} Bxe3 {[%clk 0:29:54]} 29. fxe3 {[%clk 0:33:54]} Re6
{[%clk 0:30:13]} 30. Rb8+ {[%clk 0:34:14]} Kg7 {[%clk 0:30:40]} 31. a4
{[%clk 0:31:53]} h5 {[%clk 0:29:24]} 32. Kf2 {[%clk 0:25:04]} h4 {[%clk 0:26:55]}
33. Rc8 {[%clk 0:22:27]} Re5 {[%clk 0:22:56]} 34. f4 {[%clk 0:21:13]} Re4
{[%clk 0:21:59]} 35. Rxc5 {[%clk 0:21:21]} h3 {[%clk 0:22:27]} 36. Rd5
{[%clk 0:15:25]} Rxc4 {[%clk 0:22:11]} 37. Kg3 {[%clk 0:14:56]} Rxa4
{[%clk 0:22:11]} 38. Kxh3 {[%clk 0:14:31]} Re4 {[%clk 0:20:46]} 39. Rd3
{[%clk 0:14:57]} Re7 {[%clk 0:21:08]} 40. Ra3 {[%clk 0:15:13]} Ra7
{[%clk 0:21:36]} 41. Ra5 {[%clk 0:15:34]} Kf6 {[%clk 0:21:21]} 42. Kg4
{[%clk 0:13:28]} Ke6 {[%clk 0:21:49]} 43. e4 {[%clk 0:13:45]} Kd6
{[%clk 0:21:49]} 44. Kg5 {[%clk 0:14:09]} Kc6 {[%clk 0:19:53]} 45. Kf6
{[%clk 0:13:09]} Kb6 {[%clk 0:19:16]} 46. Ra3 {[%clk 0:13:24]} a5
{[%clk 0:19:11]} 47. f5 {[%clk 0:13:51]} gxf5 {[%clk 0:17:56]} 48. exf5
{[%clk 0:14:19]} a4 {[%clk 0:09:13]} 49. Kg7 {[%clk 0:14:35]} Kc5
{[%clk 0:09:36]} 50. f6 {[%clk 0:14:56]} Kd4 {[%clk 0:07:31]} 51. Kf8
{[%clk 0:15:04]} Ke5 {[%clk 0:07:23]} 52. Kg7 {[%clk 0:15:29]} Ke6
{[%clk 0:07:30]} 53. Re3+ {[%clk 0:15:50]} Kf5 {[%clk 0:07:28]} 54. Rf3+
{[%clk 0:15:49]} Ke4 {[%clk 0:07:14]} 55. Ra3 {[%clk 0:16:11]} Kf4
{[%clk 0:07:37]} 56. Kf8 {[%clk 0:16:25]} Kf5 {[%clk 0:08:05]} 57. Kg7
{[%clk 0:16:50]} Ra6 {[%clk 0:07:01]} 58. Rf3+ {[%clk 0:17:10]} Ke4
{[%clk 0:05:18]} 59. Ra3 {[%clk 0:17:35]} Ra7 {[%clk 0:05:29]} 60. Kf8
{[%clk 0:17:59]} 1/2-1/2

[Event "Match of the Millennials U17"]
[Site "Saint Louis"]
[Date "2017.07.28"]
[Round "5.1"]
[White "Xiong, Jeffery"]
[Black "Martirosyan, Haik"]
[Result "0-1"]
[BlackElo "2544"]
[WhiteElo "2642"]
[LiveChessVersion "1.4.8"]

1. d4 {[%clk 1:30:56]} Nf6 {[%clk 1:30:41]} 2. c4 {[%clk 1:31:18]} e6
{[%clk 1:30:48]} 3. Nf3 {[%clk 1:31:40]} d5 {[%clk 1:30:17]} 4. Nc3
{[%clk 1:28:05]} Be7 {[%clk 1:29:26]} 5. Bf4 {[%clk 1:27:40]} O-O
{[%clk 1:28:59]} 6. e3 {[%clk 1:27:30]} Nbd7 {[%clk 1:26:42]} 7. c5
{[%clk 1:21:14]} c6 {[%clk 1:25:49]} 8. b4 b6 {[%clk 1:22:19]} 9. Bd3
{[%clk 1:15:56]} a5 {[%clk 1:21:32]} 10. a3 {[%clk 1:16:03]} Ba6 {[%clk 1:17:57]}
11. O-O {[%clk 0:49:38]} Qc8 12. Qc2 {[%clk 0:40:44]} Qb7 {[%clk 1:05:35]} 13.
Ne1 {[%clk 0:36:19]} Rfc8 {[%clk 1:01:07]} 14. Rb1 {[%clk 0:32:30]} axb4
{[%clk 0:58:05]} 15. axb4 {[%clk 0:32:39]} Bxd3 {[%clk 0:55:13]} 16. Nxd3
{[%clk 0:33:06]} b5 17. Ra1 {[%clk 0:31:40]} Bd8 {[%clk 0:52:22]} 18. Qb2 Rxa1
{[%clk 0:40:01]} 19. Rxa1 {[%clk 0:31:01]} Ra8 {[%clk 0:40:20]} 20. Rxa8 Qxa8
{[%clk 0:40:32]} 21. Qa2 {[%clk 0:29:10]} Qxa2 {[%clk 0:39:49]} 22. Nxa2
{[%clk 0:29:38]} Ne8 {[%clk 0:40:02]} 23. Nac1 {[%clk 0:29:31]} Bc7
{[%clk 0:39:02]} 24. Bxc7 {[%clk 0:25:26]} Nxc7 {[%clk 0:39:11]} 25. Nb3
{[%clk 0:25:53]} Na6 {[%clk 0:37:16]} 26. Na5 {[%clk 0:26:20]} Nab8
{[%clk 0:32:49]} 27. f3 f6 {[%clk 0:30:55]} 28. e4 {[%clk 0:25:53]} Kf7
{[%clk 0:30:23]} 29. Kf2 {[%clk 0:26:19]} Nf8 {[%clk 0:29:55]} 30. g4
{[%clk 0:18:12]} g5 {[%clk 0:22:53]} 31. h4 dxe4 {[%clk 0:17:58]} 32. fxe4
{[%clk 0:12:47]} gxh4 {[%clk 0:18:22]} 33. Nb7 {[%clk 0:11:17]} Ke7
{[%clk 0:17:04]} 34. Nd6 {[%clk 0:11:20]} Ng6 {[%clk 0:15:00]} 35. Kg2
{[%clk 0:07:47]} Na6 {[%clk 0:14:15]} 36. Kh3 {[%clk 0:06:52]} Kd7
{[%clk 0:13:25]} 37. Nf7 {[%clk 0:06:03]} Ke7 {[%clk 0:12:33]} 38. Nd6
{[%clk 0:06:30]} Kd7 {[%clk 0:11:46]} 39. Nf7 {[%clk 0:06:56]} e5
{[%clk 0:06:29]} 40. dxe5 {[%clk 0:05:53]} Ke7 {[%clk 0:06:52]} 41. e6
{[%clk 0:04:43]} Kxe6 {[%clk 0:06:46]} 42. Nh6 {[%clk 0:04:27]} Ne5
{[%clk 0:06:52]} 43. Nf4+ {[%clk 0:04:55]} Ke7 {[%clk 0:06:57]} 44. Ng8+
{[%clk 0:04:50]} Kf7 {[%clk 0:07:22]} 45. Nh6+ {[%clk 0:05:17]} Kf8
{[%clk 0:07:18]} 46. Kxh4 {[%clk 0:04:44]} Nxb4 {[%clk 0:07:12]} 47. Ne6+
{[%clk 0:01:57]} Ke7 {[%clk 0:07:26]} 48. Nd4 {[%clk 0:02:25]} Nbd3
{[%clk 0:07:15]} 49. g5 {[%clk 0:02:26]} Nxc5 {[%clk 0:05:42]} 50. Ng8+
{[%clk 0:02:55]} Kf7 {[%clk 0:05:56]} 51. Nxf6 {[%clk 0:03:23]} Ne6
{[%clk 0:04:30]} 52. Nb3 {[%clk 0:02:06]} h6 {[%clk 0:04:45]} 53. Kh5
{[%clk 0:01:04]} Nxg5 {[%clk 0:04:43]} 0-1

[Event "Match of the Millennials U17"]
[Site "Saint Louis"]
[Date "2017.07.28"]
[Round "5.2"]
[White "Sevian, Sam"]
[Black "Esipenko, Andrey"]
[Result "1/2-1/2"]
[BlackElo "2523"]
[WhiteElo "2633"]
[LiveChessVersion "1.4.8"]

1. e4 {[%clk 1:30:58]} e5 {[%clk 1:30:47]} 2. Nf3 {[%clk 1:31:16]} Nc6
{[%clk 1:31:12]} 3. Bb5 {[%clk 1:31:39]} a6 {[%clk 1:31:34]} 4. Ba4
{[%clk 1:31:51]} Nf6 {[%clk 1:31:57]} 5. O-O {[%clk 1:32:13]} Be7
{[%clk 1:32:24]} 6. Re1 {[%clk 1:32:35]} b5 {[%clk 1:32:48]} 7. Bb3
{[%clk 1:33:00]} d6 {[%clk 1:33:13]} 8. c3 {[%clk 1:33:25]} O-O {[%clk 1:33:37]}
9. h3 {[%clk 1:33:51]} Bb7 {[%clk 1:34:02]} 10. d4 {[%clk 1:34:16]} Re8
{[%clk 1:34:28]} 11. Nbd2 {[%clk 1:34:39]} Bf8 {[%clk 1:34:50]} 12. d5
{[%clk 1:34:30]} Nb8 {[%clk 1:35:15]} 13. Nf1 {[%clk 1:34:49]} Nbd7
{[%clk 1:35:41]} 14. N3h2 {[%clk 1:34:54]} Nc5 {[%clk 1:36:05]} 15. Bc2
{[%clk 1:35:20]} c6 {[%clk 1:36:32]} 16. b4 {[%clk 1:35:41]} Ncd7
{[%clk 1:36:56]} 17. dxc6 {[%clk 1:36:04]} Bxc6 {[%clk 1:37:23]} 18. Bg5
{[%clk 1:36:29]} h6 {[%clk 1:37:48]} 19. Bxf6 {[%clk 1:36:30]} Nxf6
{[%clk 1:38:13]} 20. Ng4 {[%clk 1:36:54]} Nxg4 {[%clk 1:38:38]} 21. Qxg4
{[%clk 1:37:18]} Qg5 {[%clk 1:39:04]} 22. Qf3 {[%clk 1:28:05]} a5
{[%clk 1:33:31]} 23. Bb3 {[%clk 1:23:20]} Qf4 {[%clk 1:32:01]} 24. Qd3
{[%clk 1:17:48]} axb4 {[%clk 1:23:30]} 25. cxb4 {[%clk 1:15:51]} d5
{[%clk 1:23:49]} 26. Bxd5 {[%clk 0:53:00]} Bxd5 {[%clk 1:20:52]} 27. Qxd5
{[%clk 0:52:47]} Bxb4 {[%clk 1:19:09]} 28. Re3 {[%clk 0:53:07]} Rab8
{[%clk 1:02:01]} 29. Rf3 {[%clk 0:37:27]} Red8 {[%clk 1:01:59]} 30. Qb3
{[%clk 0:30:29]} Qxe4 {[%clk 1:02:13]} 31. Qxf7+ {[%clk 0:30:56]} Kh8
{[%clk 1:00:58]} 32. Ng3 {[%clk 0:31:20]} Qc4 {[%clk 0:50:59]} 33. Qf5
{[%clk 0:24:43]} Re8 {[%clk 0:35:30]} 34. a3 {[%clk 0:19:53]} Bc5
{[%clk 0:30:51]} 35. Re1 {[%clk 0:17:49]} Qe6 {[%clk 0:27:45]} 36. Qh5
{[%clk 0:15:33]} Ra8 {[%clk 0:19:28]} 37. Rf5 {[%clk 0:11:53]} Bd4
{[%clk 0:14:40]} 38. Ne2 {[%clk 0:08:31]} Qc6 {[%clk 0:13:50]} 39. Qg4
{[%clk 0:06:46]} Qc7 {[%clk 0:12:35]} 40. Rc1 {[%clk 0:06:24]} Qa7
{[%clk 0:11:44]} 41. Nxd4 {[%clk 0:03:37]} exd4 {[%clk 0:07:50]} 42. Rd1
{[%clk 0:03:34]} Rad8 {[%clk 0:05:12]} 43. Rxb5 {[%clk 0:03:50]} d3
{[%clk 0:04:58]} 44. Rb2 {[%clk 0:04:13]} Qxa3 {[%clk 0:04:48]} 45. Rbd2
{[%clk 0:04:39]} Rd5 {[%clk 0:03:36]} 46. Qg6 {[%clk 0:04:32]} Red8
{[%clk 0:03:26]} 47. Qg3 {[%clk 0:04:16]} Qc3 {[%clk 0:03:02]} 48. Qg6
{[%clk 0:04:19]} R5d6 {[%clk 0:02:54]} 49. Qg3 {[%clk 0:04:39]} R6d7
{[%clk 0:02:26]} 50. Kh2 {[%clk 0:05:04]} Qb3 {[%clk 0:02:05]} 51. Kg1
{[%clk 0:04:31]} Qc3 {[%clk 0:02:29]} 52. Kh2 {[%clk 0:04:58]} Qb3
{[%clk 0:02:55]} 1/2-1/2

[Event "Match of the Millennials U17"]
[Site "Saint Louis"]
[Date "2017.07.28"]
[Round "5.3"]
[White "Chopra, Aryan"]
[Black "Li, Ruifeng"]
[Result "1/2-1/2"]
[BlackElo "2568"]
[WhiteElo "2491"]
[LiveChessVersion "1.4.8"]

1. e4 {[%clk 1:30:57]} c5 {[%clk 1:30:53]} 2. Nf3 {[%clk 1:31:19]} d6
{[%clk 1:31:17]} 3. d4 {[%clk 1:31:44]} cxd4 {[%clk 1:31:43]} 4. Nxd4
{[%clk 1:32:08]} Nf6 {[%clk 1:32:07]} 5. Nc3 {[%clk 1:32:32]} a6 {[%clk 1:32:33]}
6. Be3 {[%clk 1:32:53]} e6 {[%clk 1:32:56]} 7. f3 {[%clk 1:33:09]} b5
{[%clk 1:33:21]} 8. Qd2 {[%clk 1:33:24]} b4 {[%clk 1:33:45]} 9. Na4
{[%clk 1:32:57]} Nbd7 {[%clk 1:34:08]} 10. c4 {[%clk 1:32:33]} bxc3
{[%clk 1:34:27]} 11. Nxc3 {[%clk 1:32:55]} Bb7 {[%clk 1:34:47]} 12. Be2
{[%clk 1:30:17]} Be7 {[%clk 1:35:09]} 13. O-O {[%clk 1:28:11]} O-O
{[%clk 1:35:27]} 14. Rac1 {[%clk 1:25:25]} Qb8 {[%clk 1:35:23]} 15. a3
{[%clk 1:23:28]} Rd8 {[%clk 1:32:58]} 16. b4 {[%clk 1:13:33]} d5 {[%clk 1:19:44]}
17. exd5 {[%clk 1:13:31]} Nxd5 {[%clk 1:20:08]} 18. Nxd5 {[%clk 1:02:33]} Bxd5
{[%clk 1:20:20]} 19. Bg5 {[%clk 0:58:55]} Nf6 {[%clk 1:01:49]} 20. Qe3
{[%clk 0:38:32]} Qb7 {[%clk 0:55:52]} 21. Rfd1 {[%clk 0:33:01]} Rac8
{[%clk 0:44:38]} 22. Rxc8 {[%clk 0:29:49]} Rxc8 {[%clk 0:45:01]} 23. Rc1
{[%clk 0:30:03]} h6 {[%clk 0:43:14]} 24. Rxc8+ {[%clk 0:28:46]} Qxc8
{[%clk 0:43:35]} 25. Qc1 {[%clk 0:28:56]} Qb7 {[%clk 0:37:55]} 26. Be3
{[%clk 0:24:22]} Bd6 {[%clk 0:34:55]} 27. Qc3 {[%clk 0:15:54]} Nh5
{[%clk 0:29:37]} 28. g3 {[%clk 0:13:58]} f5 {[%clk 0:28:26]} 29. Bf2
{[%clk 0:13:13]} f4 {[%clk 0:21:40]} 30. g4 {[%clk 0:09:01]} Nf6 {[%clk 0:22:04]}
31. b5 {[%clk 0:07:08]} axb5 {[%clk 0:19:27]} 32. Nxb5 {[%clk 0:07:31]} Bb8
{[%clk 0:19:37]} 33. Bd4 {[%clk 0:06:19]} e5 {[%clk 0:14:24]} 34. Bxe5
{[%clk 0:06:33]} Bxe5 {[%clk 0:14:46]} 35. Qxe5 {[%clk 0:06:57]} Bxf3
{[%clk 0:15:06]} 36. Bc4+ {[%clk 0:03:38]} Kh8 {[%clk 0:15:18]} 37. h3
{[%clk 0:02:09]} Bh1 {[%clk 0:12:34]} 38. Bf1 {[%clk 0:02:12]} Bc6
{[%clk 0:10:18]} 39. Nd4 {[%clk 0:02:14]} f3 {[%clk 0:04:50]} 40. Nxc6
{[%clk 0:02:01]} Qxc6 {[%clk 0:05:16]} 41. Qb8+ {[%clk 0:01:52]} Ng8
{[%clk 0:05:30]} 42. Kf2 {[%clk 0:01:24]} Qc5+ {[%clk 0:05:42]} 43. Kxf3
{[%clk 0:01:39]} Qxa3+ {[%clk 0:06:07]} 1/2-1/2

[Event "Match of the Millennials U17"]
[Site "Saint Louis"]
[Date "2017.07.28"]
[Round "5.4"]
[White "Sarana, Aleksey"]
[Black "Checa, Nicolas"]
[Result "1-0"]
[BlackElo "2415"]
[WhiteElo "2510"]
[LiveChessVersion "1.4.8"]

1. d4 {[%clk 1:30:58]} d5 {[%clk 1:30:54]} 2. c4 {[%clk 1:31:23]} c6
{[%clk 1:31:18]} 3. Nf3 {[%clk 1:31:49]} Nf6 {[%clk 1:31:40]} 4. Nc3
{[%clk 1:32:14]} a6 {[%clk 1:32:03]} 5. c5 {[%clk 1:32:17]} Nbd7 {[%clk 1:30:45]}
6. Bf4 {[%clk 1:32:40]} Nh5 {[%clk 1:30:35]} 7. Bd2 {[%clk 1:33:00]} Nhf6
{[%clk 1:30:56]} 8. Qc2 {[%clk 1:33:22]} g6 {[%clk 1:29:20]} 9. g3
{[%clk 1:33:47]} Bg7 {[%clk 1:29:13]} 10. Bg2 {[%clk 1:34:13]} O-O
{[%clk 1:28:45]} 11. O-O {[%clk 1:34:38]} Re8 {[%clk 1:26:38]} 12. Rad1
{[%clk 1:34:25]} b6 {[%clk 1:16:55]} 13. b4 {[%clk 1:30:19]} a5 {[%clk 1:16:20]}
14. b5 {[%clk 1:20:30]} Bb7 {[%clk 1:11:36]} 15. Ne5 {[%clk 1:20:13]} Nxe5
{[%clk 1:02:29]} 16. dxe5 {[%clk 1:20:40]} Nd7 {[%clk 1:02:32]} 17. bxc6
{[%clk 1:18:39]} Bxc6 {[%clk 1:02:51]} 18. Nxd5 {[%clk 1:18:59]} Rc8
{[%clk 1:01:46]} 19. Bg5 {[%clk 1:05:46]} h6 {[%clk 0:59:27]} 20. e6
{[%clk 0:59:18]} hxg5 {[%clk 0:55:13]} 21. Nxb6 {[%clk 0:59:27]} fxe6
{[%clk 0:50:37]} 22. Bxc6 {[%clk 0:59:51]} Rxc6 {[%clk 0:50:57]} 23. Nxd7
{[%clk 1:00:08]} Qc7 {[%clk 0:50:34]} 24. Qxg6 {[%clk 1:00:17]} Rd8
{[%clk 0:50:18]} 25. Ne5 {[%clk 1:00:37]} Rxc5 {[%clk 0:48:45]} 26. Qxe6+
{[%clk 1:00:45]} Kh7 {[%clk 0:49:10]} 27. Qg6+ {[%clk 0:55:38]} Kg8
{[%clk 0:49:33]} 28. Nf7 {[%clk 0:53:18]} Rxd1 {[%clk 0:48:45]} 29. Rxd1
{[%clk 0:53:46]} Rc1 {[%clk 0:49:05]} 30. Rxc1 {[%clk 0:54:10]} Qxc1+
{[%clk 0:49:30]} 31. Kg2 {[%clk 0:54:37]} Qc4 {[%clk 0:47:41]} 32. Nxg5
{[%clk 0:54:25]} Qxa2 {[%clk 0:47:19]} 33. e4 {[%clk 0:53:02]} a4
{[%clk 0:42:56]} 34. Ne6 {[%clk 0:53:12]} Qb2 {[%clk 0:43:18]} 35. Nxg7
{[%clk 0:53:36]} a3 {[%clk 0:43:42]} 36. Ne6+ {[%clk 0:53:38]} Kh8
{[%clk 0:44:05]} 37. Ng5 {[%clk 0:54:03]} Qg7 {[%clk 0:43:12]} 38. Qh5+
{[%clk 0:54:19]} Kg8 {[%clk 0:43:35]} 39. Qe8+ {[%clk 0:54:45]} Qf8
{[%clk 0:44:02]} 40. Qxf8+ {[%clk 0:55:04]} Kxf8 {[%clk 0:44:29]} 41. Ne6+
{[%clk 0:55:29]} 1-0

[Event "Match of the Millennials U17"]
[Site "Saint Louis"]
[Date "2017.07.28"]
[Round "6.1"]
[White "Esipenko, Andrey"]
[Black "Xiong, Jeffery"]
[Result "1/2-1/2"]
[BlackElo "2642"]
[WhiteElo "2523"]
[LiveChessVersion "1.4.8"]

1. d4 {[%clk 1:30:57]} d5 {[%clk 1:30:54]} 2. Nf3 {[%clk 1:30:32]} Nf6
{[%clk 1:31:20]} 3. c4 {[%clk 1:30:51]} dxc4 {[%clk 1:31:41]} 4. e3
{[%clk 1:30:51]} e6 {[%clk 1:32:04]} 5. Bxc4 {[%clk 1:31:15]} a6 {[%clk 1:32:27]}
6. O-O {[%clk 1:30:54]} c5 {[%clk 1:32:51]} 7. dxc5 {[%clk 1:28:46]} Qxd1
{[%clk 1:32:57]} 8. Rxd1 {[%clk 1:29:11]} Bxc5 {[%clk 1:33:19]} 9. Nbd2
{[%clk 1:28:37]} b6 {[%clk 1:31:48]} 10. Be2 {[%clk 1:26:07]} Bb7
{[%clk 1:32:08]} 11. b3 {[%clk 1:22:37]} Nbd7 {[%clk 1:27:58]} 12. Bb2
{[%clk 1:22:03]} O-O {[%clk 1:17:54]} 13. Ne1 {[%clk 1:19:16]} Rfc8
{[%clk 1:12:31]} 14. Nd3 {[%clk 1:12:48]} Be7 {[%clk 1:11:50]} 15. Rac1
{[%clk 1:12:00]} b5 {[%clk 1:05:06]} 16. Nf3 {[%clk 0:53:35]} Kf8
{[%clk 0:58:59]} 17. Nd4 {[%clk 0:48:51]} Ke8 {[%clk 0:57:58]} 18. Bf3
{[%clk 0:42:57]} Ne4 {[%clk 0:49:55]} 19. Ne2 {[%clk 0:38:44]} g6
{[%clk 0:45:56]} 20. Ng3 {[%clk 0:32:01]} Nec5 {[%clk 0:43:45]} 21. Bxb7
{[%clk 0:27:03]} Nxb7 {[%clk 0:44:04]} 22. Ne2 {[%clk 0:25:02]} Nbc5
{[%clk 0:36:26]} 23. Nxc5 {[%clk 0:23:39]} Nxc5 {[%clk 0:36:53]} 24. Rd2
{[%clk 0:20:52]} Ne4 {[%clk 0:30:38]} 25. Rdc2 {[%clk 0:16:54]} Rxc2
{[%clk 0:30:14]} 26. Rxc2 {[%clk 0:17:19]} Rd8 {[%clk 0:30:33]} 27. g3
{[%clk 0:17:36]} Rd1+ {[%clk 0:24:30]} 28. Kg2 {[%clk 0:18:04]} Nc5
{[%clk 0:24:53]} 29. Bd4 {[%clk 0:13:02]} Nd3 {[%clk 0:24:31]} 30. Rc8+
{[%clk 0:13:07]} Kd7 {[%clk 0:24:48]} 31. Ra8 Ne1+ {[%clk 0:13:29]} 32. Kh3
{[%clk 0:13:04]} f5 {[%clk 0:13:58]} 33. Ra7+ {[%clk 0:08:20]} Ke8
{[%clk 0:14:26]} 34. Ra8+ {[%clk 0:05:30]} Kf7 {[%clk 0:12:37]} 35. Rh8
{[%clk 0:05:52]} h5 {[%clk 0:12:16]} 36. Rh7+ {[%clk 0:05:22]} Ke8
{[%clk 0:12:39]} 37. Rh8+ {[%clk 0:05:44]} Kd7 {[%clk 0:12:46]} 38. Rh7
{[%clk 0:05:11]} Ke8 {[%clk 0:04:49]} 39. Rh8+ {[%clk 0:05:29]} Kf7
{[%clk 0:05:17]} 40. Rh7+ {[%clk 0:05:48]} Ke8 {[%clk 0:05:46]} 41. Rh8+
{[%clk 0:06:11]} Kd7 {[%clk 0:06:13]} 42. Rh7 {[%clk 0:06:35]} Ke8 1/2-1/2

[Event "Match of the Millennials U17"]
[Site "Saint Louis"]
[Date "2017.07.28"]
[Round "6.2"]
[White "Martirosyan, Haik"]
[Black "Sevian, Sam"]
[Result "1-0"]
[BlackElo "2633"]
[WhiteElo "2544"]
[LiveChessVersion "1.4.8"]

1. Nf3 {[%clk 1:30:57]} d5 {[%clk 1:30:54]} 2. d4 {[%clk 1:31:18]} Nf6
{[%clk 1:31:19]} 3. c4 {[%clk 1:31:43]} e6 {[%clk 1:31:31]} 4. g3
{[%clk 1:31:49]} Bb4+ {[%clk 1:30:12]} 5. Bd2 {[%clk 1:32:13]} Be7
{[%clk 1:29:08]} 6. Bg2 {[%clk 1:32:36]} O-O {[%clk 1:29:30]} 7. O-O
{[%clk 1:32:58]} c6 {[%clk 1:29:57]} 8. Na3 {[%clk 1:32:45]} b6 {[%clk 1:19:59]}
9. Rc1 {[%clk 1:31:40]} Bb7 {[%clk 1:19:05]} 10. Ne5 {[%clk 1:21:57]} Nfd7
{[%clk 0:50:37]} 11. Nd3 {[%clk 1:20:03]} a5 {[%clk 0:49:32]} 12. cxd5
{[%clk 1:09:21]} exd5 {[%clk 0:48:55]} 13. e4 {[%clk 1:03:29]} dxe4
{[%clk 0:43:00]} 14. Bxe4 {[%clk 1:03:50]} Nf6 {[%clk 0:43:25]} 15. Bg2
{[%clk 1:04:14]} Bxa3 {[%clk 0:42:32]} 16. bxa3 {[%clk 1:04:39]} Ba6
{[%clk 0:37:00]} 17. Be3 {[%clk 1:01:51]} Nd5 {[%clk 0:30:08]} 18. Re1
{[%clk 1:00:27]} Qd6 {[%clk 0:30:21]} 19. Ne5 {[%clk 0:55:29]} Ra7
{[%clk 0:26:41]} 20. Bd2 {[%clk 0:46:22]} Re7 {[%clk 0:17:06]} 21. Qb3
{[%clk 0:45:21]} Rd8 {[%clk 0:17:04]} 22. Re4 {[%clk 0:37:46]} Nf6
{[%clk 0:13:58]} 23. Ree1 {[%clk 0:33:47]} Nd5 {[%clk 0:13:38]} 24. a4
{[%clk 0:31:09]} h6 {[%clk 0:13:28]} 25. h3 {[%clk 0:30:19]} Rc7 {[%clk 0:11:02]}
26. Re4 {[%clk 0:26:57]} Re7 {[%clk 0:08:44]} 27. Rce1 {[%clk 0:22:48]} Nf6
{[%clk 0:07:26]} 28. Rh4 {[%clk 0:22:03]} c5 {[%clk 0:06:25]} 29. Bc3
{[%clk 0:20:06]} c4 {[%clk 0:03:56]} 30. Nxc4 {[%clk 0:17:44]} Rxe1+
{[%clk 0:01:41]} 31. Bxe1 {[%clk 0:18:13]} Qe6 {[%clk 0:02:03]} 32. Ne3
{[%clk 0:18:08]} Qxb3 {[%clk 0:02:01]} 33. axb3 {[%clk 0:18:36]} Rc8
{[%clk 0:02:27]} 34. Bd2 {[%clk 0:18:46]} Nbd7 {[%clk 0:02:39]} 35. Kh2
{[%clk 0:15:54]} Bd3 {[%clk 0:02:31]} 36. d5 {[%clk 0:13:59]} Nc5
{[%clk 0:02:52]} 37. Rd4 {[%clk 0:14:11]} Be2 {[%clk 0:02:06]} 38. Nf5
{[%clk 0:10:09]} Rd8 {[%clk 0:01:43]} 39. Be3 {[%clk 0:09:48]} Nxb3
{[%clk 0:01:15]} 40. Rf4 {[%clk 0:10:17]} Nd7 {[%clk 0:00:33]} 41. d6
{[%clk 0:09:33]} Nbc5 {[%clk 0:00:31]} 42. Bd5 {[%clk 0:09:27]} Ne5
{[%clk 0:00:38]} 43. Bd4 {[%clk 0:09:12]} Ncd3 {[%clk 0:00:47]} 44. Bxb6
{[%clk 0:06:32]} Rd7 {[%clk 0:00:53]} 45. Rd4 {[%clk 0:06:27]} Ne1
{[%clk 0:00:50]} 46. Rf4 {[%clk 0:05:09]} N1d3 {[%clk 0:00:50]} 47. Re4
{[%clk 0:05:16]} Bf3 {[%clk 0:00:44]} 48. Rd4 {[%clk 0:05:41]} Nxf2
{[%clk 0:00:53]} 49. Bxa5 {[%clk 0:05:22]} g6 {[%clk 0:01:04]} 50. Ne7+
{[%clk 0:05:45]} Kh7 {[%clk 0:01:15]} 51. Bc7 {[%clk 0:05:44]} Nd1
{[%clk 0:01:04]} 52. Nc6 {[%clk 0:04:25]} Nxc6 {[%clk 0:01:14]} 53. Rxd1
{[%clk 0:04:46]} Ne5 {[%clk 0:00:37]} 54. Bxf3 {[%clk 0:04:43]} Nxf3+
{[%clk 0:01:04]} 55. Kg2 {[%clk 0:05:07]} Ng5 {[%clk 0:01:31]} 56. Re1
{[%clk 0:05:07]} Ne6 {[%clk 0:01:56]} 57. Rxe6 {[%clk 0:05:21]} fxe6
{[%clk 0:02:22]} 58. a5 {[%clk 0:05:49]} 1-0